| 000 | 00759nam a2200253 a 4500 | ||
|---|---|---|---|
| 001 | BRCA_4065 | ||
| 005 | 20190320204532.0 | ||
| 008 | 160210s1867----enka######---#000-0#eng-# | ||
| 041 | _aenka | ||
| 044 | _aeng | ||
| 050 | 4 |
_aF1215.M3 _b.K65 1867 |
|
| 100 | 1 |
_aPaula Kollonitz _910542 |
|
| 245 | 1 | 0 |
_aThe court of Mexico _cPaula Kollonitz ; translated by J. E. Ollivant. |
| 260 |
_aLondon _bSaunders, Otley _c1867 |
||
| 300 |
_a303 p. _bil _c23 cm |
||
| 500 | _aIncluye lista de libros y nuevas ediciones | ||
| 500 | _aC139 | ||
| 600 | 1 | 4 |
_aMaximiliano _cEmperador de México _d1832-1867 _94582 |
| 650 | 1 | 4 |
_aViajeros alemanes _97026 |
| 651 | 4 |
_aMéxico _xDescripción y viajes _9103 |
|
| 651 | 4 |
_aMéxico _xHistoria _9614 |
|
| 902 | _aGFM | ||
| 942 |
_2lcc _cB |
||
| 999 |
_c3789 _d3789 |
||